|
|
|
|
| LEADER |
00000nam a2200000 a 4500 |
| 001 |
vtls001177405 |
| 003 |
SK-MaSNL |
| 005 |
20260301194557.0 |
| 008 |
250414s1970 it slo |
| 015 |
|
|
|a SNBZSA1990
|
| 035 |
|
|
|a SNK000120405
|
| 035 |
|
|
|a urn:nbn:sk:snk-amydq1
|
| 035 |
|
|
|a urn:nbn:sk:snk-am00cfhe
|
| 035 |
|
|
|a 676EFC48-569F-4DE9-A1B5-9EFC2A128F14
|
| 040 |
|
|
|a SNK
|b slo
|c SNK
|e AACR2
|
| 041 |
1 |
|
|a slo
|h und
|
| 044 |
|
|
|a it
|c IT
|
| 072 |
|
7 |
|a 27
|x Kresťanstvo. Kresťanská cirkev všeobecne. Ekleziológia
|2 konspekt
|
| 080 |
|
|
|a 272/273
|2 2001
|
| 080 |
|
|
|a 27-732.3/.4
|2 2001
|
| 080 |
|
|
|a (093)
|2 2001
|
| 245 |
0 |
0 |
|a Dokumenty druhého vatikánskeho koncilu
|n 2
|p Dekréty a deklarácie
|c v slovenskom preklade P. Stanislava Polčina
|
| 246 |
3 |
0 |
|a Dekréty a deklarácie
|
| 250 |
|
|
|a 1. vyd.
|
| 260 |
|
|
|a Rím
|b Slovenský ústav sv. Cyrila a Metoda
|c 1970
|e Rím
|f PUG
|
| 300 |
|
|
|a 349 s.
|c 18 cm
|
| 366 |
|
|
|e ([5000] výt.)
|
| 500 |
|
|
|a Vec. reg.
|
| 610 |
2 |
7 |
|a Katolícka cirkev.
|b Vatikánsky koncil
|n (2. :
|d 1962-1965)
|2 SNKKA
|
| 630 |
0 |
7 |
|a Ad Gentes (dekrét)
|2 SNKPH
|9 575365
|
| 630 |
0 |
7 |
|a Unitatis redintegratio (dekrét)
|2 SNKPH
|9 575366
|
| 630 |
0 |
7 |
|a Inter mirifica (dekrét)
|2 SNKPH
|9 575367
|
| 630 |
0 |
7 |
|a Perfectae caritatis (dekrét)
|2 SNKPH
|9 575368
|
| 630 |
0 |
7 |
|a Nostra aetate (deklarácia)
|2 SNKPH
|9 575369
|
| 630 |
0 |
7 |
|a Dignitatis humanae (konštitúcia)
|2 SNKPH
|9 575370
|
| 650 |
0 |
7 |
|a koncily
|2 SNKPH
|9 4149
|
| 650 |
0 |
7 |
|a Councils
|2 SNKPHeng
|9 277724
|
| 655 |
|
7 |
|a dokumenty
|2 SNKPH
|9 70482
|
| 655 |
|
7 |
|a Documents
|2 SNKPHeng
|9 277725
|
| 700 |
1 |
|
|a Polčin, Stanislav,
|d 1921-1976
|4 trl
|4 aui
|9 151799
|
| 852 |
|
|
|a Slovenská národná knižnica
|
| 958 |
|
|
|a [RB 168]
|
| 958 |
|
|
|a NS
|
| 958 |
|
|
|a TL
|
| 958 |
|
|
|a ZS
|
| 958 |
|
|
|a OP
|
| 958 |
|
|
|a OND
|
| 999 |
|
|
|c 882321
|d 884251
|
| 952 |
|
|
|t P60, <04>, [BOOK], {604}
|a SNK
|b SNK
|y VYP
|7 0
|p 17A0097350
|o snkSD 36598/2 D2
|0 0
|1 0
|4 0
|d 1998-10-24
|l 0
|r 2005-01-01 00:00:00
|w 2026-02-24
|
| 952 |
|
|
|a SNK
|b SNK
|y PREZ
|7 0
|p 17A0892553
|o snkSD 36598/2
|0 0
|1 0
|4 0
|d 2013-08-12
|f 1
|l 0
|r 2026-02-24 06:19:39
|w 2026-02-24
|